Mot Anglais par images. - Statistiques

Statistiques générales
  • Ce quiz a été pris 721 fois
  • Le résultat moyen est 10 sur 14
Statistiques - réponses
Question Réponse % Correct
"Sheep"
99%
"Tooth"
94%
" Umbrella "
90%
" Belt "
87%
"Arrow"
85%
" Mattress "
79%
"Waitress"
78%
"Shrimp"
76%
" Crow "
68%
" Hedgehog "
58%
" Ice skate "
57%
"Daisy"
45%
" Stapler "
39%
" Marquee "
16%
Aucun quiz correspondant
Distribution des résultats
% des personnes avec chaque résultat
Percentile par nombre de réponses
Votre historique - résultats
Vous n’avez pas pris ce quiz